000 00632nam a2200241Ia 4500
003 OSt
005 20220918202552.0
006 a|||||r|||| 00| 0
007 ta
008 220917b |||||||| |||| 00| 0 eng d
024 _a102,202
037 _cTextual
040 _aARTS
_cARTS
_beng
041 _2eng
_aeng
082 _aV261:1:M26<-L84, K4;H6
100 _aBanerjee Anil Chandra
245 0 _aEastern frontier of British India 1784-1826
250 _a2nd
260 _c1964
650 _aHISTORY
942 _hV261:1:M26<-L84, K4;H6
_cTEXL
_2CC
999 _c225662
_d225662